000 00305nam a22001337a 4500
008 170616b xxu||||| |||| 00| 0 eng d
020 _a9780813344812
041 _aeng
080 _a328
100 _a20
101 _aSHP
245 _aTHE NEW DYNAMICS MULTILATERLISM
_cMULDOON.J.P
942 _2udc
_cBK
999 _c17764
_d17764